| 000 | 00351nam a22001457a 4500 | ||
|---|---|---|---|
| 020 | _qPB. | ||
| 040 | _cFIZZA ISHAQ | ||
| 082 |
_a005.43 _bWIL |
||
| 100 |
_aSTALLING, WILLIAM. _986908 |
||
| 245 |
_aOPERATING SYSTEM /9th _cWILLIAM STALLING. |
||
| 250 | _a9th ED. | ||
| 260 |
_aMALAYSIA : _bPEARSON, _c2018. |
||
| 300 | _a732 P. ; | ||
| 942 |
_2ddc _cBK |
||
| 999 |
_c587437 _d587437 |
||